1201 1714 1647 1674 1417 1895 1005 1848 1281 1950 1401 1165 1698 1085 1621 1686 1564 1161 1385 1096 1587 1350 1924 1776 1126 1952 1304 1866 1362 1434 1965 1805 1519 1738 1801 1705 1825 1981 1253 1953 1481 1907 1020 1788 1725 1366 1340 1216 1137 1763 1789 1326 1523 1361 1062 1155 1218 1329 1836 1622 1338 1249 1158 1537 1420 1233 1767 1822 1867 1066 1496 1473 1285 1954 1919 1681 1562 1935 1396 1015 1771 1024 1809 1828 1027 1605 1116 1238 1880 1522 1767 1054 1134 1048 1460 1346 1314 1769 1216 BCNSPRNW ULIB Ver.6.0+V

เปลี่ยนเป็นภาษาไทย

Change to English
 แสดงรายละเอียดบรรณานุกรม
  กลับหน้าหลัก

Brief Record : Get Marc (ISO 2709) : E-mail record : QR code < ปิดหน้าต่าง
LEADER : 00000nam 2200000uu 4500
001    13399122846
003     ULIB
008    131021s2548||||th 000 0 tha d
020    ^a9749617495
020    9789749617496
060 04 ^aWY141^bพ733ก 2548
100 0  ^aพิมพ์พรรณ ศิลปสุวรรณ
245 10 ^aการพยาบาลอาชีวอนามัย :^bแนวคิดและการปฏิบัติ /^cพิมพ์พรรณ ศิลปสุวรรณ
250    ^aพิมพ์ครั้งที่ 2
260    ^aกรุงเทพฯ :^bภาควิชาการพยาบาลสาธารณสุข คณะสาธารณสุขศาสตร์มหาวิทยาลัยมหิดล,^c2548
300    ^aก-ต, 639 หน้า :^bภาพประกอบ ; 29 ซม.
650  7 ^aอาชีวอนามัย, การบริการ
650  7 ^aการพยาบาลอุตสาหกรรม
710 2  ^aมหาวิทยาลัยมหิดล. ^bคณะสาธารณสุขศาสตร์.^bภาควิชาการพยาบาลสาธารณสุข
945    ^p390^l0^i24722
995    ^aทศพร
999    ^aทศพร
รายการนี้ยังไม่มีแท็ก
คุณยังไม่ได้ล็อกอิน คุณสามารถมีกิจกรรมร่วมกับเว็บไซต์ได้ แต่ต้องล็อกอินก่อน ::
  ล็อกอิน

รายการสื่อสารสนเทศ

ลำดับที่ ประเภท เลขเรียก/บาร์โค้ด สถานที่ สถานะ
1. Book การพยาบาล
Book การพยาบาล
WY141 พ733ก 2548 ฉ.1 
  Barcode: 24722
ห้องสมุดวิทยาเขตนครสวรรค์
►ส่วนจัดเก็บหนังสือเก่า นว.
บนชั้น
  ขอยืม

รายการใกล้เคียง
    ผู้แต่ง [พิมพ์พรรณ ศิลปสุวรรณ]

    หัวเรื่อง [อาชีวอนามัย, การบริการ]
    หัวเรื่อง [การพยาบาลอุตสาหกรรม]

BibComment


ยังไม่เคยถูกคอมเมนท์

คอมเมนท์ทรัพยากรรายการนี้
  คอมเมนท์: การพยาบาลอาชีวอน..


 Copyright 2026. Bcnsprnw @Library